| 000 | 004630000a22001930004500 | ||
|---|---|---|---|
| 001 | 001200 | ||
| 003 | MACL | ||
| 005 | 20150915152657.0 | ||
| 008 | 150915b xxu||||| |||| 00| 0 eng d | ||
| 040 |
_aMACL _cMACL |
||
| 041 | _aEnglish | ||
| 082 | _a823/KRI | ||
| 100 |
_aKrishnan, P.A. _911214 |
||
| 245 |
_aThe Tiger Claw Tree _cP.A. Krishnan |
||
| 260 |
_aNew Delhi _c1998 _bPenguin Books, |
||
| 350 | _a295 | ||
| 650 |
_aFiction _911216 |
||
| 942 |
_k823 _cBK _2ddc |
||
| 999 |
_c1195 _d1195 |
||